Český rok : lidové tradice a zvyky /
Srozumitelnou formou vysvětlený původ a význam tradičních svátků. Jednotlivé svátky uvádí lidová říkadla a na konci pak nechybí ani tip na výrobu tradičních předmětů spojených s daným časem.
Uloženo v:
| Hlavní autor: | |
|---|---|
| Další autoři: | |
| Médium: | E-kniha |
| Jazyk: | Czech |
| Vydáno: |
Praha :
Fragment,
2016
|
| Vydání: | 1. vydání |
| Témata: | |
| Tagy: |
Žádné tagy |
| LEADER | 02981nam a2200673 i 4500 | ||
|---|---|---|---|
| 001 | 311242 | ||
| 003 | CZ PrSKC | ||
| 005 | 20260601215702.0 | ||
| 007 | ta | ||
| 008 | 160317s2016 xr a b f 000 0 cze | ||
| 015 | |a cnb002784921 | ||
| 020 | |a 9788025327098 |q (vázáno) | ||
| 035 | |a (OCoLC)949216164 | ||
| 040 | |a OLA001 |b cze |d ABA001 |e rda | ||
| 043 | |a e-xr--- | ||
| 072 | 7 | |a 39 |x Kulturní antropologie. Etnologie. Etnografie |2 Konspekt | |
| 072 | 7 | |a 0/9-053.2 |x Literatura pro děti a mládež (naučná) |2 Konspekt | |
| 080 | |a 006.922.2 |2 MRF | ||
| 080 | |a 27-564 |2 MRF | ||
| 080 | |a 27-562/-565 |2 MRF | ||
| 080 | |a 398.1 |2 MRF | ||
| 080 | |a 39 |2 MRF | ||
| 080 | |a (437.3) |2 MRF | ||
| 080 | |a (0.062) |2 MRF | ||
| 080 | |a (0.053.2) |2 MRF | ||
| 100 | 1 | |a Pitrová, Pavlína |7 jo2016908921 |4 aut | |
| 245 | 1 | 0 | |a Český rok : |b lidové tradice a zvyky / |c Pavlína Pitrová ; ilustroval Václav Ráž |
| 246 | 3 | 0 | |a Lidové tradice a zvyky |
| 250 | |a 1. vydání | ||
| 264 | 1 | |a Praha : |b Fragment, |c 2016 | |
| 300 | |a 66 stran : |b barevné ilustrace ; |c 24 cm | ||
| 336 | |a text |b txt |2 rdacontent | ||
| 336 | |a statický obraz |b sti |2 rdacontent | ||
| 337 | |a bez média |b n |2 rdamedia | ||
| 338 | |a svazek |b nc |2 rdacarrier | ||
| 520 | 2 | |a Srozumitelnou formou vysvětlený původ a význam tradičních svátků. Jednotlivé svátky uvádí lidová říkadla a na konci pak nechybí ani tip na výrobu tradičních předmětů spojených s daným časem. | |
| 520 | 2 | |a České a moravské lidové tradice a zvyky napříč celým rokem. Od příchodu nového roku, až po svátky vánoční. Určeno dětem. | |
| 521 | 8 | |a Pro čtenáře od 9 let | |
| 650 | 0 | 7 | |a kalendářní rok |7 ph280631 |z Česko |2 czenas |
| 650 | 0 | 7 | |a církevní rok |7 ph114290 |z Česko |2 czenas |
| 650 | 0 | 7 | |a křesťanské svátky |7 ph115071 |z Česko |2 czenas |
| 650 | 0 | 7 | |a lidové tradice |7 ph122320 |z Česko |2 czenas |
| 650 | 0 | 7 | |a zvyky a obyčeje |7 ph137519 |z Česko |2 czenas |
| 650 | 0 | 9 | |a year |z Czechia |2 eczenas |
| 650 | 0 | 9 | |a church year |z Czechia |2 eczenas |
| 650 | 0 | 9 | |a Christian feasts |z Czechia |2 eczenas |
| 650 | 0 | 9 | |a folk traditions |z Czechia |2 eczenas |
| 650 | 0 | 9 | |a manners and customs |z Czechia |2 eczenas |
| 655 | 7 | |a populárně-naučné publikace |7 fd131864 |2 czenas | |
| 655 | 7 | |a publikace pro děti |7 fd133156 |2 czenas | |
| 655 | 9 | |a popular works |2 eczenas | |
| 655 | 9 | |a children's literature |2 eczenas | |
| 700 | 1 | |a Ráž, Václav, |d 1967- |7 mzk2010589747 |4 ill | |
| 900 | |a ABA001 |b 19 | ||
| 928 | 9 | |a Albatros Media - Fragment | |
| 044 | |a xr | ||
| 910 | |a RBIT002 | ||
| 998 | |d 209536 |a https://core.palmknihy.cz/api/books/209536/cover?si7eoo |b https://core.palmknihy.cz/api/books/209536/cover/400?si7eoo |c https://core.palmknihy.cz/api/books/209536/cover/50?si7eoo |e 2065-02-15 |g 68 |i 9788025327098 |j https://core.palmknihy.cz/api/books/209536/preview.epub |k https://core.palmknihy.cz/api/books/209536/preview.pdf |l |q 49 |r 1 |s https://www.palmknihy.cz/kniha/209536 |t ebook |y 2020 |z 0 | ||
| 999 | |d 311240 | ||